Gaming Quiz

Random Gaming or Clickable Quiz

Monopoly Pieces: Real or Fake? Quiz Stats

Quiz Updated Apr 12, 2015

Also try: Monopoly Pieces
Challenge
Share
Tweet
Embed
Score 0/12 Timer 02:00
2 Plays Today
% Correct
Top Hat
92.6%
Car
90.9%
Shoe
89.5%
Thimble
88.9%
Scottie Dog
87.1%
Wheelbarrow
84.6%
Iron
82.1%
Battleship
66.7%
Horse and Rider
63.5%
Cannon
59%
Sack of Money
55.1%
Train
54.9%

You're not logged in!

Compare scores with friends on all Sporcle quizzes.
Sign Up with Email
OR
Log In

You Might Also Like...

Show Comments

Extras

Top Quizzes Today


Score Distribution

Your Account Isn't Verified!

In order to create a playlist on Sporcle, you need to verify the email address you used during registration. Go to your Sporcle Settings to finish the process.